| 000 | 01263nam a22001937a 4500 | ||
|---|---|---|---|
| 999 |
_c64084 _d64084 |
||
| 003 | Ge_BSU | ||
| 005 | 20260327110106.0 | ||
| 008 | 260327s1963 ge ||||| |||| 00| 0 geo d | ||
| 041 | _ageo | ||
| 080 | _a338.512 : 63(479.22) გ-45 | ||
| 100 |
_aგველესიანი, მ. _927220 |
||
| 245 |
_aსოფლის მეურნეობის პროდუქციის თვითღირებულების და სამუშაოთა მექანიზაციის დონის გამოანგარიშების საკითხები / _cმ. გველესიანი; [რედ. ნ. იაშვილი]; საქ. სსრ მეცნ. აკადემია, ეკონ. ინ-ტი. |
||
| 264 |
_aთბილისი, _c1963. |
||
| 300 |
_a133 გვ. : _bცხრილ. ; _c21 სმ. |
||
| 504 | _a ბიბლიოგრფია შენიშვნებში. | ||
| 700 |
_aიაშვილი, ნ. _e რედაქტორი _94099 |
||
| 710 |
_aსაქართველოს სსრ მეცნიერებათა აკადემია. _bეკონომიკის ინსტიტუტი. _926899 |
||
| 942 |
_2udc _cᲬᲘᲒᲜᲘ |
||